| 000 | 00751nam a2200229 a 4500 | ||
|---|---|---|---|
| 005 | 20140310183405.0 | ||
| 008 | 121012s19uu xx 00 eng d | ||
| 020 | _a9781564149978 | ||
| 050 |
_aHF 5386 _b.M4726 2008 |
||
| 100 | _aMcArthur, Ken | ||
| 245 |
_aImpact : _bhow to get noticed, motivate millions, and make a difference in a noisy world / _cby Ken McArthur. |
||
| 260 |
_aFranklin Lakes, NJ : _bCareer Press, _c2008. |
||
| 300 |
_a256 p. : _bill. ; _c24 cm. |
||
| 500 | _aIncludes bibliographical references and index | ||
| 650 | _aSuccess in business | ||
| 650 | _aSuccess | ||
| 650 | _aAchievement motivation | ||
| 650 | _aMotivation (Psychology) | ||
| 650 | _aInterpersonal relations | ||
| 942 |
_cBK _2lcc _kFOR |
||
| 999 |
_c22388 _d22388 |
||